[Event "Challenge"]
[Site "http://www.queenalice.com/game.php?id=965835"]
[Date "2011.7.28"]
[Round "-"]
[White "Susana"]
[Black "jeffcom2f"]
[Result "0-1"]
[WhiteElo "1899"]
[BlackElo "1849"]

1. e4 b6 2. Nf3 Bb7 3. Nc3 e6 4. Bc4 Nf6 5. d3 Bb4 6. Bd2 Bxc3 7. Bxc3 d5 8.
Bb5+ Bc6 9. Bxc6+ Nxc6 10. a3 d4 11. Bd2 e5 12. h3 O-O 13. c3 dxc3 14. Bxc3 Qd6
15. O-O a5 16. Nh4 Rad8 17. Qf3 Qxd3 18. Qxd3 Rxd3 19. Rfe1 Nd4 20. Bxd4 Rxd4
21. f3 Rd2 22. Rab1 Rfd8 23. Nf5 Kf8 24. Ne3 R2d3 25. Ng4 Nxg4 26. hxg4 c5 27.
Kf1 f6 28. Rbc1 Rd2 29. Re2 Kf7 30. Ke1 Rxe2+ 31. Kxe2 Ke6 32. Ke1 Kd6 33. Ke2
Kc6 34. Rc2 Rd4 35. Ke3 Kb5 36. Rc3 Rc4 37. Rb3+ Kc6 38. Kf2 Rc2+ 39. Kg3 c4 40.
Re3 Rxb2 41. Kh3 Rb3 42. Re2 Rxa3 43. Kh4 b5 44. g5 b4 45. gxf6 gxf6 46. Kg4 b3
47. Kf5 Ra2 48. Re1 b2 49. Rb1 c3 50. Kxf6 Ra1 51. Rxb2 cxb2 52. Kxe5 b1=Q 0-1

[Event "AUTO-INT-1985"]
[Site "http://www.queenalice.com/game.php?id=981933"]
[Date "2011.9.6"]
[Round "2"]
[White "Susana"]
[Black "chyco"]
[Result "1-0"]
[WhiteElo "1857"]
[BlackElo "1670"]

1. e4 e5 2. Bc4 Qf6 3. d3 Bc5 4. Nf3 a6 5. a3 b5 6. Bd5 c6 7. Ba2 h6 8. O-O Qg6
9. Nc3 d6 10. Ne2 Bh3 11. Ng3 Bg4 12. c3 Nf6 13. h3 Be6 14. Bxe6 fxe6 15. b4 Bb6
16. c4 Qh7 17. Be3 Bxe3 18. fxe3 Nbd7 19. cxb5 axb5 20. Qb3 Nf8 21. a4 N8d7 22.
axb5 Ke7 23. Rxa8 Rxa8 24. Nf5+ exf5 25. bxc6 Nb6 26. exf5 Qxf5 27. b5 Nfd5 28.
e4 Qf7 29. exd5 Qxd5 30. Qxd5 Nxd5 31. Rb1 Nc3 32. Rb3 Ne2+ 33. Kh2 Rc8 34. Rb4
Kd8 35. Nd2 Kc7 36. Nc4 Rb8 37. Ne3 Nd4 38. Nd5+ Kc8 39. Nc3 Kc7 40. Nd5+ Kc8
41. c7 Nc2 42. Rb2 Rb7 43. Rxc2 1-0

[Event "AUTO-OPEN-2585"]
[Site "http://www.queenalice.com/game.php?id=1022405"]
[Date "2012.1.31"]
[Round "1"]
[White "elijose"]
[Black "Susana"]
[Result "1-0"]
[WhiteElo "2041"]
[BlackElo "1887"]

1. d4 d5 2. e3 Bf5 3. Nf3 Nc6 4. c3 e6 5. Bd3 Bxd3 6. Qxd3 Nf6 7. Nbd2 Bd6 8.
O-O a6 9. Re1 Ne7 10. e4 dxe4 11. Nxe4 Nxe4 12. Qxe4 b5 13. Bg5 h6 14. Bh4 Rb8
15. Rad1 Qd7 16. Bxe7 Qxe7 17. d5 O-O 18. dxe6 fxe6 19. Ne5 Bxe5 20. Qxe5 Rb6
21. Rd3 Rf5 22. Qxf5 exf5 23. Rxe7 c5 24. g3 c4 25. Rd8+ Kh7 26. Rdd7 Rg6 27. b3
cxb3 28. axb3 f4 29. Rf7 fxg3 30. fxg3 h5 31. c4 bxc4 32. bxc4 h4 33. Kg2 hxg3
34. hxg3 Kh6 35. c5 Rc6 36. Rd6+ Rxd6 37. cxd6 g5 38. d7 a5 39. d8=Q Kg6 40.
Qg8+ Kh5 41. Rh7+ 1-0

[Event "AUTO-OPEN-2585"]
[Site "http://www.queenalice.com/game.php?id=1022406"]
[Date "2012.1.31"]
[Round "1"]
[White "Susana"]
[Black "elijose"]
[Result "0-1"]
[WhiteElo "1877"]
[BlackElo "2094"]

1. e4 e6 2. d4 d5 3. e5 c5 4. Nf3 Nc6 5. Be3 Bd7 6. Nc3 a6 7. a3 cxd4 8. Bxd4
Nge7 9. Bd3 Nxd4 10. Nxd4 Qb6 11. Nb3 Ng6 12. Bxg6 fxg6 13. O-O Be7 14. Qf3
O-O-O 15. Ne2 Rhf8 16. Qe3 Qxe3 17. fxe3 Bg5 18. Nf4 Bb5 19. Rf3 Be7 20. Nxe6
Rxf3 21. gxf3 Rd7 22. Ned4 Ba4 23. Rc1 Rc7 24. f4 g5 25. Nd2 gxf4 26. Ne6 Rxc2
27. Rxc2+ Bxc2 28. Nxf4 Bc5 29. Nxd5 Kd7 30. b4 Ba7 31. Kg2 Ke6 32. e4 Kxe5 33.
Kf3 Bxe4+ 34. Nxe4 Kxd5 35. h4 Bd4 36. Nd2 Bb2 37. a4 Bc3 38. Nf1 Bxb4 39. Kf4
Kc5 40. Kf5 Bc3 41. Ne3 Bf6 42. h5 Kb4 43. Nd5+ Kxa4 44. Nxf6 gxf6 45. Kxf6 b5
46. Kg7 b4 47. Kxh7 b3 48. Kg6 b2 49. h6 b1=Q+ 50. Kg7 Kb5 51. h7 Qxh7+ 0-1

[Event "AUTO-OPEN-2585"]
[Site "http://www.queenalice.com/game.php?id=1022433"]
[Date "2012.1.31"]
[Round "1"]
[White "Ronsini"]
[Black "Susana"]
[Result "1-0"]
[WhiteElo "2104"]
[BlackElo "1884"]

1. e4 e5 2. Nf3 d6 3. d4 exd4 4. Nxd4 Nf6 5. Nc3 Bd7 6. Be2 h6 7. Be3 Nc6 8. f3
Nxd4 9. Bxd4 a6 10. O-O Be7 11. f4 c5 12. Be3 Bc6 13. Bf3 O-O 14. Qe1 Re8 15.
Rd1 Qc7 16. Qg3 b5 17. e5 Bxf3 18. exf6 Bxf6 19. Qxf3 Rad8 20. Nd5 Qd7 21. Bxc5
Qf5 22. Nxf6+ Qxf6 23. Bd4 Qf5 24. c3 d5 25. Qg3 g6 26. Qh4 Kh7 27. Qf6 Qxf6 28.
Bxf6 Rd6 29. Bd4 f5 30. Rfe1 Re4 31. Rxe4 dxe4 32. Kf1 a5 33. Ke2 Rd5 34. Be5
Rc5 35. Rd7+ Kg8 36. Rg7+ Kf8 37. Rxg6 b4 38. Bd6+ Kf7 39. Bxc5 Kxg6 40. cxb4
axb4 41. Bxb4 Kf6 42. Bc3+ Ke6 43. b4 Kd5 44. Ke3 Kc4 45. Be1 Kd5 46. a4 Kc4 47.
a5 Kb5 48. Kd4 Kc6 49. Ke5 Kb5 50. Kxf5 e3 51. Ke4 e2 52. f5 Kc6 53. f6 Kd7 54.
a6 1-0

[Event "AUTO-OPEN-2585"]
[Site "http://www.queenalice.com/game.php?id=1022434"]
[Date "2012.1.31"]
[Round "1"]
[White "Susana"]
[Black "Ronsini"]
[Result "0-1"]
[WhiteElo "1896"]
[BlackElo "2078"]

1. e4 e5 2. Bc4 Nf6 3. d3 Nc6 4. Nf3 Bc5 5. a3 a6 6. Nc3 d6 7. h3 h6 8. Bd2 O-O
9. Nd5 Nxd5 10. Bxd5 Ne7 11. Bb3 c6 12. O-O Ng6 13. Qe1 Qf6 14. Be3 Bxh3 15.
Bxc5 dxc5 16. Qe3 Bg4 17. Nh2 Bd7 18. Qxc5 Nf4 19. Qe3 Qg5 20. Qf3 Bh3 21. g3
Bxf1 22. Rxf1 Rad8 23. Qg4 Qxg4 24. Nxg4 Ne2+ 25. Kg2 Nd4 26. Nxe5 Nxb3 27. cxb3
Rfe8 28. f4 f6 29. Nc4 Rxd3 30. e5 fxe5 31. fxe5 Rxb3 32. Re1 b5 33. Nd6 Rxb2+
34. Kh3 Re6 35. Re3 Rd2 36. Nf5 c5 37. g4 b4 38. axb4 cxb4 39. Ng3 a5 40. Nf1
Rd5 41. Re4 Rdxe5 42. Rd4 Rb5 43. Nd2 Kh7 44. Kh4 Re3 45. Nc4 g5+ 0-1

[Event "AUTO-OPEN-2585"]
[Site "http://www.queenalice.com/game.php?id=1022451"]
[Date "2012.1.31"]
[Round "1"]
[White "Gabriel_HD"]
[Black "Susana"]
[Result "0-1"]
[WhiteElo "1848"]
[BlackElo "1866"]

1. e4 e5 2. Nf3 d6 3. Bb5+ Bd7 4. Bxd7+ Qxd7 5. d3 Nc6 6. O-O Nf6 7. Bg5 Qe6 8.
Re1 Be7 9. Nc3 h6 10. Bxf6 Bxf6 11. Nd5 Rc8 12. c3 O-O 13. Re3 Ne7 14. Nxf6+
Qxf6 15. d4 exd4 16. cxd4 Rfe8 17. e5 dxe5 18. Nxe5 Qg5 19. Rg3 Qf5 20. Rf3 Qe6
21. Rxf7 Rcd8 22. Qa4 c5 23. f4 cxd4 24. Qb3 Qxb3 25. axb3 a6 26. Kf2 Rd5 27.
Re1 Rxe5 28. Rxe7 R5xe7 29. Rd1 Re2+ 30. Kg3 R8e4 31. f5 Rxb2 32. Rd3 Re3+ 33.
Rxe3 dxe3 34. Kf3 Rxb3 35. Ke2 b5 36. g4 b4 37. Kd1 Rc3 38. h4 b3 39. Ke2 b2 40.
Kd1 b1=Q+ 41. Ke2 Qh1 42. h5 Qg2+ 0-1

[Event "AUTO-OPEN-2585"]
[Site "http://www.queenalice.com/game.php?id=1022452"]
[Date "2012.1.31"]
[Round "1"]
[White "Susana"]
[Black "Gabriel_HD"]
[Result "1-0"]
[WhiteElo "1881"]
[BlackElo "1861"]

1. e4 e5 2. Bc4 Nf6 3. d3 h6 4. Nf3 Bb4+ 5. Bd2 Bxd2+ 6. Qxd2 Nc6 7. a3 O-O 8.
Nc3 Re8 9. Nd5 Nxd5 10. Bxd5 Nd4 11. Nxd4 exd4 12. Qb4 Qf6 13. O-O d6 14. f4 a5
15. Qb3 c6 16. e5 dxe5 17. fxe5 Qxe5 18. Bxf7+ Kh8 19. Bxe8 Qxe8 20. Qf7 Qxf7
21. Rxf7 Rb8 22. Rf8+ Kh7 23. Re1 g5 24. Ree8 Ra8 25. Rxc8 Ra7 26. Ra8 Rxa8 27.
Rxa8 Kg6 28. Ra7 b6 29. Ra6 b5 30. Rxc6+ Kh5 31. Rc5 Kh4 32. Rxb5 h5 33. Rxa5 g4
34. b4 g3 35. hxg3+ Kxg3 36. Rxh5 Kg4 37. Rh8 Kf4 38. b5 Ke5 39. b6 Kf4 40. b7
Ke3 41. b8=Q Kd2 42. Qb4+ Kc1 43. c4 dxc3 44. Qxc3+ Kd1 45. Qb2 Ke1 46. Rf8 Kd1
47. Rf1# 1-0

[Event "AUTO-ADV-2450"]
[Site "http://www.queenalice.com/game.php?id=1042549"]
[Date "2012.3.25"]
[Round "1"]
[White "jajerduco"]
[Black "Susana"]
[Result "1-0"]
[WhiteElo "1454"]
[BlackElo "1842"]

1. d3 e5 2. e4 Nc6 3. Nf3 Bc5 4. g3 d6 5. c3 Qf6 6. Bg2 Be6 7. Bg5 Qg6 8. Qd2 h6
9. Nh4 Qxg5 10. Qxg5 hxg5 11. Nf3 g4 12. Ng5 Bd7 13. O-O f6 14. Nd2 fxg5 15. b4
Bb6 16. b5 Nce7 17. Nc4 Bxb5 18. a4 Bxc4 19. dxc4 O-O-O 20. a5 Bc5 21. Ra2 a6
22. Rb2 Nc6 23. Rfb1 1-0

[Event "AUTO-ADV-2450"]
[Site "http://www.queenalice.com/game.php?id=1042550"]
[Date "2012.3.25"]
[Round "1"]
[White "Susana"]
[Black "jajerduco"]
[Result "0-1"]
[WhiteElo "1812"]
[BlackElo "1484"]

1. e4 a6 2. d4 d5 3. e5 e6 4. Nf3 Bb4+ 5. Bd2 Bxd2+ 6. Nbxd2 Ne7 7. Bd3 Nbc6 8.
O-O g6 9. c3 b6 10. a3 Bb7 11. Ng5 Nf5 12. Ngf3 Qe7 13. b4 a5 14. b5 Na7 15. a4
O-O-O 16. Qc2 h6 17. c4 dxc4 18. Qxc4 Bd5 19. Qc3 Nh4 20. Nxh4 Qxh4 21. Rac1 Rd7
22. Bc4 Bb7 23. Qg3 Qxd4 0-1

[Event "AUTO-ADV-2450"]
[Site "http://www.queenalice.com/game.php?id=1042565"]
[Date "2012.3.25"]
[Round "1"]
[White "Cuti"]
[Black "Susana"]
[Result "0-1"]
[WhiteElo "1776"]
[BlackElo "1783"]

1. e4 e5 2. Nf3 d6 3. d4 exd4 4. Qxd4 Nc6 5. Qa4 Bd7 6. Qb3 Nf6 7. Ng5 Qe7 8.
Qxb7 Rb8 9. Qa6 h6 10. Bb5 Nxe4 11. Bxc6 Nxg5+ 12. Be3 Rb6 13. Bxd7+ Kxd7 14.
Qa4+ Rc6 15. O-O Qe4 16. Qxe4 Nxe4 17. c3 a5 18. f3 Nf6 19. Nd2 d5 20. Nb3 a4
0-1

[Event "AUTO-ADV-2450"]
[Site "http://www.queenalice.com/game.php?id=1042566"]
[Date "2012.3.25"]
[Round "1"]
[White "Susana"]
[Black "Cuti"]
[Result "1-0"]
[WhiteElo "1799"]
[BlackElo "1760"]

1. e4 e5 2. Bc4 Nf6 3. d3 c6 4. Bd2 b5 5. Bb3 d5 6. exd5 cxd5 7. a3 Nc6 8. Nc3
a6 9. Qf3 Be6 10. Nce2 Rc8 11. Rc1 Bc5 12. h3 O-O 13. Ba2 b4 14. axb4 Bxb4 15.
Bxb4 Nxb4 16. Bb3 d4 17. Bxe6 fxe6 18. Ng3 Nxc2+ 19. Kd2 Nb4 20. N1e2 Qb6 21.
Rxc8 1-0

[Event "AUTO-ADV-2450"]
[Site "http://www.queenalice.com/game.php?id=1042577"]
[Date "2012.3.25"]
[Round "1"]
[White "Susana"]
[Black "miltonloviski"]
[Result "1-0"]
[WhiteElo "1870"]
[BlackElo "1820"]

1. e4 e5 2. Bc4 Nc6 3. d3 a6 4. Nf3 Bc5 5. a3 h6 6. Nc3 d6 7. b4 Ba7 8. Bb2 Bb8
9. Ba2 Be6 10. Bxe6 fxe6 11. Ne2 Nf6 12. Qd2 Ba7 13. c4 Ng4 14. Rf1 Ne7 15. h3
Nf6 16. Ng3 g5 17. Rc1 Ng6 18. c5 Kf7 19. d4 exd4 20. Bxd4 e5 21. Be3 Qe7 22.
Nf5 Qe6 23. Nxh6+ Rxh6 24. Nxg5+ 1-0

[Event "AUTO-ADV-2450"]
[Site "http://www.queenalice.com/game.php?id=1042578"]
[Date "2012.3.25"]
[Round "1"]
[White "miltonloviski"]
[Black "Susana"]
[Result "1-0"]
[WhiteElo "1801"]
[BlackElo "1864"]

1. e4 e5 2. Nf3 d6 3. Bc4 Nc6 4. d4 exd4 5. Nxd4 Nxd4 6. Qxd4 Nf6 7. a3 a6 8.
Ba2 Be7 9. O-O Bd7 10. f3 O-O 11. b4 Bb5 12. Re1 c5 13. bxc5 dxc5 14. Qxd8 Raxd8
15. c4 Ba4 16. Nc3 Bd7 17. Nd5 Nxd5 18. cxd5 Bb5 19. Bb3 c4 20. Bd1 f6 21. Be2
Rc8 22. Be3 Bd6 23. Rec1 Rc7 24. a4 Bd7 25. Rxc4 Rxc4 26. Bxc4 Rc8 27. Be2 Re8
28. Kf2 Bxh2 29. g3 Re5 30. Kg2 Bxg3 31. Kxg3 h6 32. a5 f5 33. Bd4 Re8 34. e5 g5
35. e6 Bc8 36. Bc4 Kf8 37. Rh1 b5 38. axb6 Bb7 39. Rxh6 Rd8 40. Rh8+ 1-0

[Event "AUTO-OPEN-2649"]
[Site "http://www.queenalice.com/game.php?id=1045137"]
[Date "2012.4.2"]
[Round "1"]
[White "Canaye"]
[Black "Susana"]
[Result "0-1"]
[WhiteElo "1876"]
[BlackElo "1827"]

1. d4 d5 2. c4 Bf5 3. Nc3 Nf6 4. cxd5 Nxd5 5. Nf3 e6 6. Bg5 Be7 7. Nxd5 exd5 8.
Bf4 Nd7 9. e3 Nf6 10. Bd3 Bxd3 11. Qxd3 c6 12. h3 h6 13. O-O Bd6 14. Ne5 Qe7 15.
Rac1 Nh5 16. Bh2 a6 17. e4 Nf6 18. exd5 Nxd5 19. Qf5 O-O 20. Rfe1 Qf6 21. Qxf6
Nxf6 22. Bf4 Nh5 23. Bd2 Rfe8 24. g4 Nf6 25. g5 hxg5 26. Bxg5 Re6 27. f4 Nd5 28.
f5 Ree8 29. Rc2 f6 30. Bxf6 gxf6 31. Rg2+ Kh7 32. Nf3 Rxe1+ 33. Nxe1 Rg8 34.
Rxg8 Kxg8 35. Nf3 Ne3 36. Kf2 Nxf5 37. b3 c5 38. dxc5 Bxc5+ 39. Ke2 Nd4+ 40.
Nxd4 Bxd4 41. Kd3 Be5 42. Ke4 a5 43. Kf5 Kg7 44. h4 b5 45. h5 Kh6 46. Kg4 Bc3
47. Kh4 Bd2 48. Kg4 Bg5 49. a3 a4 50. bxa4 bxa4 51. Kg3 Kxh5 52. Kh3 Bc1 0-1

[Event "AUTO-OPEN-2649"]
[Site "http://www.queenalice.com/game.php?id=1045138"]
[Date "2012.4.2"]
[Round "1"]
[White "Susana"]
[Black "Canaye"]
[Result "0-1"]
[WhiteElo "1842"]
[BlackElo "1861"]

1. e4 e6 2. d4 d5 3. e5 Bb4+ 4. Bd2 c5 5. a3 Bxd2+ 6. Qxd2 c4 7. c3 Ne7 8. Nf3
O-O 9. Be2 Nbc6 10. O-O Ng6 11. Qg5 Qb6 12. Qc1 f5 13. Nbd2 Qd8 14. Qc2 Nh4 15.
Nxh4 Qxh4 16. Nf3 Qe7 17. Rab1 Bd7 18. b4 Be8 19. Qd2 Bg6 20. Rb2 f4 21. a4 Nd8
22. a5 h6 23. Ra2 Be4 24. Bd1 g5 25. h3 Nf7 26. Bc2 Bxf3 27. gxf3 h5 28. Kh2 Kg7
29. Bb1 Rh8 30. Rg1 Raf8 31. Qc2 Rh6 32. a6 b6 33. b5 Rfh8 34. Qd1 Kf8 35. Rg2
Ke8 36. Qg1 Kd7 37. Kh1 g4 38. fxg4 hxg4 39. Rxg4 Rxh3+ 40. Kg2 f3+ 41. Kf1 Rh1
42. Rg3 Rxg1+ 43. Kxg1 Qh4 44. Kf1 Qf4 45. Rc2 Ng5 46. Kg1 Ne4 47. Rg7+ Ke8 48.
Rg6 Kf7 0-1

[Event "AUTO-OPEN-2649"]
[Site "http://www.queenalice.com/game.php?id=1045163"]
[Date "2012.4.2"]
[Round "1"]
[White "Eduardomoreto67"]
[Black "Susana"]
[Result "1-0"]
[WhiteElo "2109"]
[BlackElo "1877"]

1. e4 e5 2. Nf3 d6 3. d4 exd4 4. Nxd4 Nf6 5. Nc3 Be6 6. Nxe6 fxe6 7. e5 dxe5 8.
Qxd8+ Kxd8 9. Bg5 Be7 10. O-O-O+ Ke8 11. Bc4 Ng4 12. Bxe7 Kxe7 13. Ne4 Nc6 14.
h3 Nf6 15. Nc5 Nd8 16. Rhe1 b6 17. Nxe6 Nxe6 18. Rxe5 Kf8 19. Rxe6 c5 20. Rde1
Re8 21. Rxe8+ Nxe8 22. f4 g6 23. g4 Nd6 24. Be6 Kg7 25. Bd5 Rf8 26. Re7+ Rf7 27.
Bxf7 Nxf7 28. Rxa7 Kg8 29. Rb7 Nd6 30. Rxb6 Ne4 31. a4 c4 32. a5 c3 33. a6 1-0

[Event "AUTO-OPEN-2649"]
[Site "http://www.queenalice.com/game.php?id=1045164"]
[Date "2012.4.2"]
[Round "1"]
[White "Susana"]
[Black "Eduardomoreto67"]
[Result "0-1"]
[WhiteElo "1870"]
[BlackElo "2114"]

1. e4 c5 2. Nf3 d6 3. Nc3 Nf6 4. Bc4 Nc6 5. Ng5 e6 6. d3 Be7 7. a3 Nxe4 8. dxe4
Bxg5 9. Bxg5 Qxg5 10. Rg1 O-O 11. Qd2 Qxd2+ 12. Kxd2 Rd8 13. Rad1 Ne5 14. Ba2 a6
15. Kc1 b5 16. f4 Nc6 17. e5 dxe5 18. fxe5 Bb7 19. Rxd8+ Rxd8 20. Re1 Nd4 21. g4
c4 22. h3 Bg2 23. Re3 f6 24. exf6 gxf6 25. Ne4 Bf1 26. c3 Ne2+ 27. Kc2 Nf4 28.
Rf3 Bd3+ 29. Kc1 Ne2+ 30. Kd1 Bxe4+ 31. Kxe2 Bxf3+ 32. Kxf3 Rd2 33. Bb1 Rxb2 34.
Be4 Rb3 35. Kf4 Rxc3 36. h4 Rxa3 0-1

[Event "AUTO-OPEN-2649"]
[Site "http://www.queenalice.com/game.php?id=1045181"]
[Date "2012.4.2"]
[Round "1"]
[White "Susana"]
[Black "nemesisdebogota"]
[Result "0-1"]
[WhiteElo "1845"]
[BlackElo "2174"]

1. e4 Nf6 2. e5 Nd5 3. d4 d6 4. exd6 exd6 5. Bc4 Nb6 6. Bb3 Nc6 7. Nf3 Bg4 8. h3
Bh5 9. Be3 Be7 10. Nc3 O-O 11. g4 Bg6 12. a3 Na5 13. Ba2 Nac4 14. Bxc4 Nxc4 15.
Rb1 f5 16. g5 Nxe3 17. fxe3 Bxg5 18. Nxg5 Qxg5 19. Qf3 Rae8 20. Kd2 f4 21. Qd5+
Qxd5 22. Nxd5 fxe3+ 23. Nxe3 Rf2+ 24. Ke1 Rxc2 25. Rc1 Rxc1+ 0-1

[Event "AUTO-OPEN-2649"]
[Site "http://www.queenalice.com/game.php?id=1045182"]
[Date "2012.4.2"]
[Round "1"]
[White "nemesisdebogota"]
[Black "Susana"]
[Result "1-0"]
[WhiteElo "2180"]
[BlackElo "1845"]

1. e4 e5 2. Nf3 d6 3. d4 exd4 4. Nxd4 Nf6 5. Nc3 Bd7 6. Bc4 a6 7. Bg5 Nc6 8. Nd5
Be7 9. Nxe7 Qxe7 10. O-O Ne5 11. Be2 h6 12. Bxf6 Qxf6 13. Qd2 O-O 14. Qc3 c5 15.
Nb3 Be6 16. f4 Nd7 17. Qxf6 Nxf6 18. Bf3 Rab8 19. Rfd1 Bxb3 20. axb3 Rfd8 21. e5
dxe5 22. fxe5 Rxd1+ 23. Rxd1 b6 24. exf6 gxf6 25. Rd7 b5 26. Bd5 Kh8 27. Rxf7
Rb6 28. Kf2 Rd6 29. c4 bxc4 30. bxc4 Rb6 31. Kg3 a5 32. Kh4 Rxb2 33. Kh5 a4 34.
Kxh6 Rb8 35. Rh7# 1-0